Central Library OPAC University of Rajshahi

Australia's resources and their utilisation / (Record no. 61581)

MARC details
000 -LEADER
fixed length control field 00746nam a2200241 a 4500
001 - CONTROL NUMBER
control field 61581
003 - CONTROL NUMBER IDENTIFIER
rucl marc code BD-RjUL
005 - DATE AND TIME OF LATEST TRANSACTION
control field 20211209080959.0
008 - FIXED-LENGTH DATA ELEMENTS--GENERAL INFORMATION
fixed length control field 170119r1957 acaa|||| b||| 00| 0 eng d
035 ## - SYSTEM CONTROL NUMBER
System control number (BD-RjUL) 61705
040 ## - CATALOGING SOURCE
Original cataloging agency BD-RjUL
Language of cataloging eng
Transcribing agency BD-RjUL
041 ## - LANGUAGE CODE
Language code of text/sound track or separate title eng
082 ## - DEWEY DECIMAL CLASSIFICATION NUMBER
Edition number 23
Classification number 333.70994
Author mark and year ANA 1957
100 ## - MAIN ENTRY--PERSONAL NAME
Personal name Andrews, John
9 (RLIN) 183471
245 ## - TITLE STATEMENT
Title Australia's resources and their utilisation /
Statement of responsibility, etc. John Andrews
260 ## - PUBLICATION, DISTRIBUTION, ETC. (IMPRINT)
Place of publication, distribution, etc. Sydney :
Name of publisher, distributor, etc. The Department of Tutorial Classes,
Date of publication, distribution, etc. c1956 [reprinted 1957]
300 ## - PHYSICAL DESCRIPTION
Pagination V.
Illustrations ill. ;
Size 23 cm.
504 ## - BIBLIOGRAPHY, ETC. NOTE
Bibliography, etc Includes ibibliography
505 ## - FORMATTED CONTENTS NOTE
Formatted contents note PT. 2--
650 ## - SUBJECT ADDED ENTRY--TOPICAL TERM
Topical term or geographic name as entry element Natural resources
Geographic subdivision Australia
9 (RLIN) 183472
Topical term or geographic name as entry element Ressources naturelles
Geographic subdivision Australie.
9 (RLIN) 183473
942 ## - ADDED ENTRY ELEMENTS (KOHA)
Source of classification or shelving scheme Dewey Decimal Classification
Koha item type Books
Holdings
Lost status Source of classification or shelving scheme Damaged status Not for loan Collection code Permanent Location Current Location Shelving location Date acquired Source of acquisition Total Checkouts Full call number Date last seen Copy number Koha item type
  Dewey Decimal Classification   Not For Loan Non-fiction Central Library, University of Rajshahi Central Library, University of Rajshahi Reading Room 18/03/1959 Eolombo Plan   333.70994 ANA PT-2 1957 19/01/2017 C-1 Books